000
00340nam a2200145Ia 4500
005
20251222151310.0
008
251222s9999||||xx |||||||||||||| ||spa||
020
_a
978849035960
082
_a
337/K84/2016
100
_a
Krugman R., Paul
245
0
_a
EconomÃa Internacional:
250
_a
10ma. ed.
264
_b
PEARSON
942
_c
LIB
999
_c
23314
_d
23314